书目信息 |
| 题名: |
鸟国拾趣
|
|
| 作者: | 谈宜斌 著 | |
| 分册: | 下册 | |
| 出版信息: | 北京 中国林业出版社 2016 |
|
| 页数: | 104页 | |
| 开本: | 24cm | |
| 丛书名: | ||
| 单 册: | ||
| 中图分类: | Q959.7 | |
| 科图分类: | ||
| 主题词: | 鸟类--Niaolei--普及读物 | |
| 电子资源: | ||
| ISBN: | 978-7-5038-8384-2 | |
| 000 | 00742nam0 2200217 450 | |
| 001 | 3722 | |
| 005 | 20160926152254.04 | |
| 010 | @a978-7-5038-8384-2@b平装@dCNY35.00 | |
| 100 | @a20140705d2016 em y0chiy0110 ea | |
| 101 | 0 | @achi |
| 102 | @aCN@b110000 | |
| 105 | @aa z 000yy | |
| 200 | 1 | @a鸟国拾趣@9Niaoguoshiqu@h下册@f谈宜斌著 |
| 210 | @a北京@c中国林业出版社@d2016 | |
| 215 | @a104页@c彩照@d24cm | |
| 330 | @a本书图文并茂地介绍了一些常见鸟类的形态构造、生活习性、繁衍特征、奇闻异事以及对林农业带来的益处和维护生态平衡的功绩,叙述了国内外爱鸟、护鸟、赏鸟的事迹。 | |
| 606 | 0 | @a鸟类@9Niaolei@j普及读物 |
| 690 | @aQ959.7@v5 | |
| 701 | 0 | @a谈宜斌@9Tanyibin@4著 |
| 801 | 0 | @aCN@b唐山师范学院图书馆@c20151002 |
| 905 | @aZUCC@dQ959.7@e159:2 | |
| 鸟国拾趣.下册/谈宜斌著.-北京:中国林业出版社,2016 |
| 104页:彩照;24cm |
| ISBN 978-7-5038-8384-2(平装):CNY35.00 |
| 本书图文并茂地介绍了一些常见鸟类的形态构造、生活习性、繁衍特征、奇闻异事以及对林农业带来的益处和维护生态平衡的功绩,叙述了国内外爱鸟、护鸟、赏鸟的事迹。 |
| ● |
| 相关链接 |
|
|
|
|
正题名:鸟国拾趣
索取号:Q959.7/159:2
 
预约/预借
| 序号 | 登录号 | 条形码 | 馆藏地/架位号 | 状态 | 备注 |
| 1 | 906170 | 209061708 | 第二样本阅览室/ [索取号:Q959.7/159:2] | 在馆 | |
| 2 | 906171 | 209061717 | 第三借阅区/ [索取号:Q959.7/159:2] | 在馆 | |
| 3 | 906172 | 209061726 | 第三借阅区/ [索取号:Q959.7/159:2] | 在馆 | |
| 4 | 906173 | 209061735 | 第三借阅区/ [索取号:Q959.7/159:2] | 在馆 | |
| 5 | 906174 | 209061744 | 第三借阅区/ [索取号:Q959.7/159:2] | 在馆 |